Ethics of health care : (Record no. 19818)
[ view plain ]
| 000 -LEADER | |
|---|---|
| fixed length control field | 00627nam a2200241 a 4500 |
| 005 - DATE AND TIME OF LATEST TRANSACTION | |
| control field | 20140310183158.0 |
| 008 - FIXED-LENGTH DATA ELEMENTS--GENERAL INFORMATION | |
| fixed length control field | 021017s19uu xx 00 eng d |
| 050 ## - LIBRARY OF CONGRESS CALL NUMBER | |
| Classification number | RZ 24 |
| Item number | .Ed27 1999 |
| 100 ## - MAIN ENTRY--PERSONAL NAME | |
| Personal name | Edge, Raymond S. |
| 245 ## - TITLE STATEMENT | |
| Title | Ethics of health care : |
| Remainder of title | a guide for clinical practice / |
| Statement of responsibility, etc | Raymond S. Edge. |
| 250 ## - EDITION STATEMENT | |
| Edition statement | 2nd |
| 260 ## - PUBLICATION, DISTRIBUTION, ETC. (IMPRINT) | |
| Place of publication, distribution, etc | Albany, NY : |
| Name of publisher, distributor, etc | Delmar, |
| Date of publication, distribution, etc | c1999. |
| 300 ## - PHYSICAL DESCRIPTION | |
| Extent | 222 p. : |
| Other physical details | ill. ; |
| Dimensions | 24 cm. |
| 521 ## - TARGET AUDIENCE NOTE | |
| Target audience note | |
| 650 ## - SUBJECT ADDED ENTRY--TOPICAL TERM | |
| Topical term or geographic name as entry element | Health ethics |
| 650 ## - SUBJECT ADDED ENTRY--TOPICAL TERM | |
| Topical term or geographic name as entry element | Medical ethics |
| 942 ## - ADDED ENTRY ELEMENTS (KOHA) | |
| Koha item type | Books |
| Source of classification or shelving scheme | Library of Congress Classification |
| Call number prefix | Foreign |
| Withdrawn status | Lost status | Source of classification or shelving scheme | Damaged status | Home library | Current library | Shelving location | Date acquired | Source of acquisition | Total Checkouts | Full call number | Barcode | Date last seen | Copy number | Price effective from | Koha item type | Sub Shelving location |
|---|---|---|---|---|---|---|---|---|---|---|---|---|---|---|---|---|
| Library of Congress Classification | Archives | Archives | 09/20/2007 | Donation | RZ 24 .Ed27 1999 | C8618 | 05/15/2018 | 1 | 03/10/2014 | Books | ||||||
| Library of Congress Classification | Archives | Archives | 12/11/2013 | Donation | RZ 24 .Ed27 1999 | C1873 | 05/15/2018 | 3 | 12/11/2013 | Books | ||||||
| Library of Congress Classification | Archives | Archives | 12/11/2013 | Donation | RZ 24 .Ed27 1999 | C1872 | 05/15/2018 | 4 | 12/11/2013 | Books | ||||||
| Library of Congress Classification | Archives | Archives | 12/11/2013 | Donation | RZ 24 .Ed27 1999 | C1424 | 05/15/2018 | 5 | 12/11/2013 | Books | ||||||
| Library of Congress Classification | College Library | College Library | General Circulation Section | 12/11/2013 | RZ 24 .Ed27 1999 | C1302 | 05/15/2018 | 2 | 03/10/2014 | Books | ||||||
| Library of Congress Classification | College Library | College Library | General Circulation Section | 06/03/2015 | Library Fund | RZ 24 .Ed27 1999 | C19510 | 05/15/2018 | 06/03/2015 | Books |